| 000 | 00764nam a22002417a 4500 | ||
|---|---|---|---|
| 999 |
_c6061 _d6061 |
||
| 001 | 1686 | ||
| 003 | BD-DhUAP | ||
| 005 | 20201224112526.0 | ||
| 008 | 201224s1994 nyua b 001 0 eng | ||
| 020 | _a0028264029 | ||
| 040 |
_aDLC _cBD-DhUAP _bEng _dBD-DhUAP |
||
| 082 | 0 | 0 |
_a570.7 DAN _223 |
| 100 | 1 | _aDaniel, Lucy. | |
| 245 | 1 | 0 |
_aMerrill life science / _cLucy Daniel, Edward Paul Ortleb and Alton Biggs. |
| 250 | _aTeacher wraparound ed. | ||
| 260 |
_aNew York, N.Y. : _bGlencoe, _cc1994. |
||
| 300 |
_axxii, 729 pages : _billustrations ; _c29 cm. |
||
| 504 | _aIncludes bibliographical references and index. | ||
| 650 | 0 |
_aLife sciences _xStudy and teaching (Middle school) |
|
| 700 | 1 | _aOrtleb, Edward Paul. | |
| 700 | 1 | _aBiggs, Alton. | |
| 942 |
_2ddc _cBK |
||